Benchmark test for progress (Record no. 77887)

MARC details
000 -LEADER
fixed length control field 01003cab a2200205 4500
001 - CONTROL NUMBER
control field ##L135402
008 - FIXED-LENGTH DATA ELEMENTS--GENERAL INFORMATION
fixed length control field 061003n2006 000 0 eng u
035 ## - SYSTEM CONTROL NUMBER
System control number (Sirsi) u135402
041 0# - LANGUAGE CODE
Language code of text/sound track or separate title eng
100 1# - MAIN ENTRY--PERSONAL NAME
Personal name Barrass, David
245 00 - TITLE STATEMENT
Title Benchmark test for progress
260 ## - PUBLICATION, DISTRIBUTION, ETC.
Date of publication, distribution, etc. 2006
490 #0 - SERIES STATEMENT
Series statement Estates Gazette
Volume/sequential designation (0641) 14October 2006, 221-222(2)
520 ## - SUMMARY, ETC.
Summary, etc. This "Mainly for students" article is the third and final article examining the implications of the new RICS code of practice "Service charges in commercial property" (ISBN 1842193007). Discusses the issues surrounding compliance with the code and argues that although best practice is a challenge, it is not unachievable (see also L135035 and L135178).
590 ## - LOCAL NOTE (RLIN)
Local note KA
650 24 - SUBJECT ADDED ENTRY--TOPICAL TERM
Topical term or geographic name entry element SERVICE CHARGES IN COMMERCIAL PROPERTY-RICS CODE OF PRACTICE
651 #4 - SUBJECT ADDED ENTRY--GEOGRAPHIC NAME
Geographic name England and Wales
Chronological subdivision 1543-
690 ## - LOCAL SUBJECT ADDED ENTRY--TOPICAL TERM (OCLC, RLIN)
Topical term or geographic name as entry element PROPERTY-COMMERCIAL PROPERTY-LEASEHOLD COMMERCIAL PROPERTY-COMMERCIAL LANDLORD AND TENANT-COMMERCIAL SERVICE CHARGES
942 ## - ADDED ENTRY ELEMENTS (KOHA)
Suppress in OPAC 0
Holdings
Withdrawn status Lost status Source of classification or shelving scheme Damaged status Not for loan Home library Current library Shelving location Date acquired Total Checkouts Full call number Barcode Date last seen Copy number Price effective from Koha item type
    Dewey Decimal Classification     London London Journal article 23/10/2006   L135402 135402-1001 06/08/2019 1 06/08/2019 Journal article